Кн. 2; Преобразовательная техника

Bibliografiset tiedot
Parent link:Преобразовательная техника: сборник статей/ Новосибирский электротехнический институт (НЭТИ) ; под ред. Г. В. Грабовецкого. Кн. 2.— , 1968
Kieli:venäjä
Julkaistu: 1968
Aiheet:
Aineistotyyppi: Kirja
KOHA link:https://koha.lib.tpu.ru/cgi-bin/koha/opac-detail.pl?biblionumber=302497

MARC

LEADER 00000nam2a2200000 4500
001 302497
005 20231102001517.0
035 |a (RuTPU)RU\TPU\book\327704 
090 |a 302497 
100 |a 20150824d1968 k y0rusy50 ca 
101 0 |a rus 
102 |a RU 
105 |a a z 001zy 
200 0 |a Кн. 2 
210 |d 1968 
215 |a 201 с.  |c ил. 
320 |a Библиография в конце статей 
461 1 |0 (RuTPU)RU\TPU\book\237315  |t Преобразовательная техника  |o сборник статей  |o в 2 кн. со сквозной нумерацией  |f Новосибирский электротехнический институт (НЭТИ) ; под ред. Г. В. Грабовецкого  |v Кн. 2  |d 1968 
606 1 |a Преобразовательная техника  |2 stltpush  |3 (RuTPU)RU\TPU\subj\51390  |9 69985 
610 1 |a преобразователи 
610 1 |a силовые преобразователи 
610 1 |a силовые полупроводниковые преобразователи 
610 1 |a вентильные преобразователи 
610 1 |a системы управления 
610 1 |a расчеты 
675 |a 621.314  |v 3 
801 1 |a RU  |b 63413507  |c 20150824 
801 2 |a RU  |b 63413507  |c 20221031  |g RCR 
942 |c BK